| 000 | 01815nam a2200229Ia 4500 | ||
|---|---|---|---|
| 003 | Ost | ||
| 005 | 20260507075035.0 | ||
| 008 | 260507s9999||||xx |||||||||||||| ||und|| | ||
| 040 | _cfsecg | ||
| 041 | _aara | ||
| 082 | _a330 | ||
| 100 |
_aأحمد، أحمد يوسف _eمؤلف |
||
| 245 | 0 |
_aالتعاون الإقتصادي العربي وأفاق المستقبل / _c أحمد يوسف أحمد |
|
| 260 |
_aعمان: _bمركز البنك العربي العلمي, _c2001 |
||
| 300 |
_a357 صفحة؛ _bإيضاحات ؛ _c24 سم |
||
| 520 | _aالإطار السياسي للتعاون العربي- خواطر حول دور المنظمات الحكومية العربية العاملة في مجال العلاقات الإقتصادية- الإتفاقيات العربية الثنائية وأثرها على التعاون الإقتصادي العربي- الإصلاح الإداري وأثره في التعاون الإقتصادي العربي- التعاون الإقتصادي العربي في ظل البيئة المؤسسة العالمية- منطقة التجارة العربية الحرة الكبرى -الإمكانات والوسائل- التنسيق والتعاون بين البنوك المركزية وأثرها على الإقتصاد العربي- دور المصارف العربية وأثره على الإقتصاد العربي- دور قطاع الخاص في التنمية الإقتصادية العربية- المعلوماتية ودورها في تحقيق التعاون الإقتصادي العربي | ||
| 653 | _aالإقتصاد الدولي | ||
| 653 | _aالإقتصاد العربي | ||
| 653 | _aالتكامل الإقتصادي | ||
| 700 |
_aالنابلسي، محمد سعيد وأخرون _eمؤلف ثانوي |
||
| 942 | _cكتاب | ||
| 999 |
_c42442 _d42442 |
||